Coldest Countries per Continent Quiz Stats

Quiz Updated Apr 1, 2013

Challenge
Share
Tweet
Embed
Score 0/6 Timer 02:00
9 Plays Today
Continent Place % Correct
North AmericaSnag, Yukon, Canada
98.9%
AsiaOimekon, Russia & Verkhoyansk, Russia
97.6%
EuropeUst'Shchugor, Russia
97.6%
South AmericaSarmiento, Argentina
89.6%
OceaniaCharlotte Pass, New South Wales, Australia
78.3%
AfricaIfrane, Morocco
34.9%

You're not logged in!

Compare scores with friends on all Sporcle quizzes.
Sign Up with Email
OR
Log In

You Might Also Like...

Show Comments

Extras

Top Quizzes Today


Score Distribution

Your Account Isn't Verified!

In order to create a playlist on Sporcle, you need to verify the email address you used during registration. Go to your Sporcle Settings to finish the process.